000 00284nam a2200109Ia 4500
008 230907s9999||||xx |||||||||||||| ||und||
082 _a697
_bBUR
100 _aBurroughs, H.E.
_9118040
245 _aManaging indoor air quality /
_cBurroughs.
260 _c2019-09-27
942 _2ddc
_cEB
999 _c599653
_d599653